000 00612nam a2200229Ia 4500
003 OSt
005 20220928103346.0
006 a|||||r|||| 00| 0
007 ta
008 220927b |||||||| |||| 00| 0 eng d
024 _a45768
037 _cTextual
040 _aSDCL
_cSDCL
_beng
041 _2eng
_aeng
082 _aO152,1M811x, M4
100 _aAjmeri Prem
_9403723
245 0 _aPrempayonidhi
_bEk mulyankan.
260 _aUttar
_bPradesh Prem-Parkashan
_c1984
300 _a211p.
_ccm.
942 _hO152,1M811x, M4
_cTEXL
_2CC
999 _c719492
_d719492